000 00599nam a2200181Ia 4500
003 GCL
005 20240530104625.0
008 140319s9999 xx 000 0 ara d
040 _aGCL /
_cGCL
082 0 4 _a155.4
_bم ط
100 1 _aمجدى احمد محمد عبدالله
245 1 0 _aالطفولة بين السواء والمرض /
_cمجدى احمد محمد عبدالله
260 _aالاسكندرية :
_bدار المعرفة الجامعية ،
_c1997
300 _a355 ص ؛
_c24 سم
650 1 _2الاطفال
650 1 _2الاطفال
_xامراض
942 _2ddc
_cBK
999 _c49295
_d49295